Missing Word: Nicole Kidman Movies (A-Z) Quiz Stats

Quiz Updated Dec 5, 2017

Challenge
Share
Tweet
Embed
Score 0/20 Timer 03:00
1 Play Today
Hint Answer % Correct
Far and _____Away
97.8%
Eyes Wide _____Shut
96.8%
Moulin _____!Rouge
96.6%
_____ Go with ItJust
95.2%
To _____ ForDie
94.4%
The Stepford _____Wives
94.4%
Secret _____ Their Eyesin
91%
The _____ CompassGolden
90%
_____ MountainCold
88.7%
_____ of the DesertQueen
86.7%
Hint Answer % Correct
Grace _____ Monacoof
83.9%
Days of _____Thunder
83%
Practical _____Magic
76.3%
_____ ForeverBatman
62.4%
The _____ of a LadyPortrait
61.4%
The _____ of a Sacred DeerKilling
57.1%
Rabbit _____Hole
56.9%
_____ CityEmerald
44.9%
My _____Life
43.9%
The _____ FangFamily
8.3%

Today's Daily Dose

Missing Word
1974 Movies A-Z

Word Ladder
The White Album

Quick Pick
Gods of War

On This Day
February 22nd II

You're not logged in!

Compare scores with friends on all Sporcle quizzes.
Sign Up with Email
OR
Log In

You Might Also Like...

Show Comments

Extras

Top Quizzes Today


Score Distribution

Your Account Isn't Verified!

In order to create a playlist on Sporcle, you need to verify the email address you used during registration. Go to your Sporcle Settings to finish the process.